000 01300pam a2200337 a 4500
001 565828
003 NUST
005 20220420124613.0
008 891127s1991 deua b s001 0ceng
010 _a 89040768
020 _a0874133831 (alk. paper)
038 _awaseem
040 _aDLC
_cDLC
_dDLC
043 _an-us---
050 0 0 _aZ473.H4
_bR62 1991
082 0 0 _a070.5092
_bROB
100 1 _aRobinson, Judith,
_d1939-
_991099
245 1 4 _aThe Hearsts :
_ban American dynasty /
_cJudith Robinson.
260 _aNewark, Del. :
_bUniversity of Delaware Press ;
_aLondon ;
_aCranbury, NJ :
_bAssociated University Presses,
_c1991.
300 _a441 p. :
_bill. ;
_c24 cm.
504 _aIncludes bibliographical references (p. 428-431) and index.
563 _aHBK.
600 1 0 _aHearst, William Randolph,
_d1863-1951
_xFamily.
_991100
600 3 0 _aHearst family.
_991101
650 0 _aPublishers and publishing
_zUnited States
_xBiography.
_991102
650 0 _aNewspaper publishing
_zUnited States
_xHistory.
_991103
906 _a7
_bcbc
_corignew
_d1
_eocip
_f19
_gy-gencatlg
942 _2ddc
_cBK
999 _c589260
_d589260